00429nam a2200157Ia 4500008004100000040001900041041001200060082002300072100002100095245005000116260002700166300001900193650002000212651002300232850001600255131103s9999 xx 000 0 und d aLoreto College aEnglish aF/PATbLCBED/13643 aPatterson, James aSuzanne's diary for nicholascJames Patterson aLondonbHeadlinec1988 a310p. c 18cm. aEnglish fiction aEnglish literature aLCBED/F/PAT